=LDR 00000nam 2200000 4500 =001 INLIS000000000016463 =005 20130612111746 =008 ***********************************Ind** =035 ##$$0010-061300000016463 =041 ##$$a Ind =082 ##$$a 641.5 =090 ##$$a 641.5, Tos d =100 ##$$a Toss =245 ##$$a Dipandang rupo, dimakan rasa, Masakan padang, Toss =260 ##$$a 2003 $b Jakarta =300 ##$$a 140 hlm, ilus, 14 cm =650 ##$$a Masakan =850 ##$$a NBPNMAT